000 01008nas a2200349 4500
001 BR0405123
003 BR-BrBNA
005 20231205104945.0
007 ta
008 230509b bl.|||p| |||| 00| 00por d
040 _aBR-BrBNA
_bpor
_cBiblioteca Nacional de Agricultura
041 _a(En)
072 _aL73; L70
100 1 _aCanal, C.W.
100 1 _aFerreira, D.J.
100 1 _aMacagnan, M.
100 1 _aFallavena, L.C.B.
100 1 _aMoraes, H.L.S.
100 1 _aWald, V.B.
245 1 _aPrevalence of antibodies against chicken anaemia virus (CAV)in broiler breeders in Southern Brazil
650 _aGALINHA PARA CORTE
650 _aDOENÇA ANIMAL
650 _aVÍRUS
650 _aANEMIA
650 _aANEMIA
650 _aANTICORPO
650 _aELISA
650 _aVACINAÇÃO
773 0 _tPesquisa Veterinária Brasileira (Brazil)
_xISSN 0100-736X
_g(Apr-Jun 2004), v. 24(2) p. 89-92
_wBR0405123
909 _a202311
_bLúcia
_c55
_dLúcia Elande
942 _2AGRIS
_n0
_cANA
999 _c180490
_d180490